00323nam a2200121Ia 4500008004100000100001900041245005600060260003700116300000800153650001600161942000700177999001700184190216s9999||||xx |||||||||||||| ||und|| aBanumurthy T S 2aA Modern Introduction To Ancient Indian Mathematics bNew Age International Publishers a214 aMathematics cBK c32073d32073